Applied Oracle security : (Record no. 36478)

MARC details
000 -LEADER
fixed length control field 00987nam a22002897a 4500
005 - DATE AND TIME OF LATEST TRANSACTION
control field 20100602111156.0
008 - FIXED-LENGTH DATA ELEMENTS--GENERAL INFORMATION
fixed length control field 100602t xxu||||| |||| 00| 0 eng d
010 ## - LCCN (DPL NO)
LC control number ENG-96260
020 ## - INTERNATIONAL STANDARD BOOK NUMBER
International Standard Book Number 9780070683556
Terms of availability 675.00
020 ## - INTERNATIONAL STANDARD BOOK NUMBER
International Standard Book Number 0070683557
Terms of availability 675.00
035 ## - SYSTEM CONTROL NUMBER
System control number EN-79793
037 ## - SOURCE OF ACQUISITION
Source of stock number/acquisition DBAD/PUB
040 ## - CATALOGING SOURCE
Original cataloging agency DPL
Language of cataloging Eng
082 ## - DEWEY DECIMAL CLASSIFICATION NUMBER
Classification number 005.8
100 ## - MAIN ENTRY--PERSONAL NAME
Personal name Knox, David C
245 ## - TITLE STATEMENT
Title Applied Oracle security :
Statement of responsibility, etc by David C. Knox...[et al]
Remainder of title developing secure database and middleware environments /
260 ## - PUBLICATION, DISTRIBUTION, ETC. (IMPRINT)
Place of publication, distribution, etc New Delhi
Name of publisher, distributor, etc Tata McGraw Hill
Date of publication, distribution, etc 2010
270 ## - ADDRESS
Address 7, West Patel Nagar
City New Delhi
Postal code 110008
300 ## - PHYSICAL DESCRIPTION
Extent xxv, 610p.:
Other physical details ill.
Dimensions 24 cm (pbk)
500 ## - GENERAL NOTE
General note includes index
630 ## - SUBJECT ADDED ENTRY--UNIFORM TITLE
Uniform title Oracle (Computer file)
650 ## - SUBJECT ADDED ENTRY--TOPICAL TERM
Topical term or geographic name as entry element Computer security.
650 ## - SUBJECT ADDED ENTRY--TOPICAL TERM
Topical term or geographic name as entry element Databases.
700 ## - ADDED ENTRY--PERSONAL NAME
Personal name Knox, David C.
942 ## - ADDED ENTRY ELEMENTS (KOHA)
Source of classification or shelving scheme Dewey Decimal Classification
Item type English Books
Call number suffix KNO
Classification part 005.8
Holdings
Withdrawn status Lost status Source of classification or shelving scheme Damaged status Not for loan Collection code Home library Current library Date acquired Source of acquisition Cost, normal purchase price Total Checkouts Full call number Barcode Date last seen Copy number Cost, replacement price Koha item type
    Dewey Decimal Classification   Not For Loan Non-fiction D.B.Act.Division D.B.Act.Division 10/05/2010 DBAD/PUB 675.00   APP EN-79793 02/06/2010 1 675.00 English Books

© Delhi Public Library
Hit Counter
free hit counter